| 000 | 00671nam a2200265Ia 4500 | ||
|---|---|---|---|
| 008 | 170711s9999 xx 000 0 und d | ||
| 020 | _a74321546X | ||
| 050 | _a305.2 | ||
| 050 | _bM147 2000 | ||
| 100 | _aMcGraw, Jay | ||
| 245 | _aLife strategies for teens / | ||
| 245 | _cby Jay McGraw. | ||
| 260 | _aNew York : | ||
| 260 | _bFireside Book, | ||
| 260 | _c2000 | ||
| 300 | _a326 pages : | ||
| 300 | _bcolored illustrations ; | ||
| 300 | _c23cm. | ||
| 650 | _aLife skills. | ||
| 650 | _aSelf-actualization (Psychology). | ||
| 650 | _aSuccess in adolescenece -- | ||
| 650 | _xJuvenile literature. | ||
| 700 | _aMcGraw, Philip C. | ||
| 700 | _aTitle. | ||
| 999 |
_c339882 _d339882 |
||